[Event "Match"]
[Site "www.echecsemail.com"]
[Date "2018.06.17"]
[Round "1"]
[White "Gidgud"]
[Black "Chapi"]
[WhiteElo "2109"]
[BlackElo "2180"]
[Result "1-0"]
[Round "1"]
1.e4 c5
2.Ng1f3 Nb8c6
3.Bf1b5 g6
4.O-O Bf8g7
5.c3 d6
6.Bb5xc6 bxc6
7.h3 Ng8f6
8.Qd1c2 O-O
9.d4 cxd4
10.cxd4 Qd8b6
11.Bc1e3 Bc8b7
12.Nb1c3 Nf6d7
13.b4 a5
14.Nc3a4 Qb6a6
15.Ra1b1 Rf8b8
16.Na4c3 Bb7c8
17.b5 cxb5
18.Nc3d5 Qa6b7
19.Nd5xe7 Kf8
20.Ne7c6 Qb7c7
21.Rf1c1 Rb8b6
22.d5 Rb6a6
23.Rb1xb5 Nd7b8
24.Nc6xb8 Qc7xc2
25.Rc1xc2 { resign }
1-0

[Event "Tourn. n9833"]
[Site "www.echecsemail.com"]
[Date "2018.06.17"]
[Round "1"]
[White "Jjmcbride"]
[Black "Redapond1"]
[WhiteElo "1660"]
[BlackElo "1520"]
[Result "1-0"]
[Round "1"]
1.c4 d5
2.e3 d4
3.d3 dxe3
4.Bc1xe3 Nb8c6
5.h3 Ng8f6
6.Nb1c3 Bc8f5
7.a3 e6
8.g4  { time }
1-0

[Event "Tourn. n9839"]
[Site "www.echecsemail.com"]
[Date "2018.06.17"]
[Round "1"]
[White "Luizassis"]
[Black "Rookie"]
[WhiteElo "1360"]
[BlackElo "1320"]
[Result "0-1"]
[Round "1"]
1.e4 e5
2.Ng1f3 Nb8c6
3.Bf1c4 Nc6d4
4.Nf3xe5 Qd8g5
5.Bc4xf7 Ke7
6.c3 Qg5xe5
7.cxd4 Qe5xe4
8.Qd1e2 Ng8f6
9.Qe2xe4 Nf6xe4
 { time }
0-1

[Event "Tourn. n9847"]
[Site "www.echecsemail.com"]
[Date "2018.06.17"]
[Round "1"]
[White "Juheset"]
[Black "Mitja"]
[WhiteElo "1970"]
[BlackElo "2030"]
[Result "0-1"]
[Round "1"]
1.f4 d5
2.d3 c6
3.Ng1f3 e6
4.e3 h6
5.Bf1e2 Ng8f6
6.h3 Bf8e7
7.Nb1c3 Nb8d7
8.Bc1d2 b6
9.g4 Bc8b7
10.e4 dxe4
11.dxe4 c5
12.Be2d3 Qd8c7
 { time }
0-1

[Event "Tourn. n9841"]
[Site "www.echecsemail.com"]
[Date "2018.06.17"]
[Round "1"]
[White "Fantomas"]
[Black "Ffdd65"]
[WhiteElo "2090"]
[BlackElo "2160"]
[Result "1/2-1/2"]
[Round "1"]
1.e4 e5
2.Ng1f3 d6
3.d4 Nb8d7
4.dxe5 dxe5
5.Bf1c4 h6
6.O-O Bf8d6
7.Nb1c3 Ng8f6
8.Qd1e2 a6
9.a3 Nd7b6
10.Bc4a2 Qd8e7
11.Bc1e3 c5
12.Ra1d1 Bc8e6
13.Ba2xe6 Qe7xe6
14.b3 Ra8d8
15.h3 O-O
16.Rd1d2 Rd8d7
17.Rf1d1 Rf8d8
18.Nf3h4 Nb6c8
19.Nh4f5 Bd6f8
20.Rd2xd7 Rd8xd7
21.Rd1xd7 Qe6xd7
22.Qe2d2 Qd7xd2
23.Be3xd2 Nc8d6
24.Nf5xd6 Bf8xd6
25.f3 b5
26.Kf2 Kf8
27.Ke3 Ke7
28.Kd3 Kd7
29.a4 Kc6
30.axb5 { draw }
1/2-1/2

[Event "Tourn. n9804"]
[Site "www.echecsemail.com"]
[Date "2018.06.17"]
[Round "1"]
[White "Szustan"]
[Black "Aperturaf"]
[WhiteElo "2630"]
[BlackElo "2740"]
[Result "1/2-1/2"]
[Round "1"]
1.e4 e6
2.d4 d5
3.Nb1c3 Ng8f6
4.e5 Nf6d7
5.f4 c5
6.Ng1f3 Nb8c6
7.Bc1e3 a6
8.Qd1d2 b5
9.dxc5 Bf8xc5
10.Be3xc5 Nd7xc5
11.Qd2f2 Qd8b6
12.Bf1d3 b4
13.Nc3e2 a5
14.O-O Bc8a6
15.Bd3xa6 Ra8xa6
16.c4 bxc3
17.bxc3 Nc5e4
18.Qf2xb6 Ra6xb6
19.Ra1b1 Rb6xb1
20.Rf1xb1 O-O
21.Ne2g3 Ne4xg3
22.hxg3 h5
23.Rb1b5 a4
24.Kf2 g6
25.Rb5b6 { draw }
1/2-1/2

[Event "Tourn. n9833"]
[Site "www.echecsemail.com"]
[Date "2018.06.17"]
[Round "1"]
[White "Cal"]
[Black "Karadayi"]
[WhiteElo "1690"]
[BlackElo "1569"]
[Result "1-0"]
[Round "1"]
1.d4 d5
2.e3 Ng8f6
3.h3 Bc8f5
4.Nb1c3 e6
5.Ng1f3 Bf8b4
6.Bc1d2 O-O
7.Nc3e2 Bb4xd2
8.Nf3xd2 Nb8c6
9.Ne2g3 Bf5g6
10.a3 a6
11.Bf1d3 Bg6xd3
12.cxd3  { time }
1-0

[Event "Match"]
[Site "www.echecsemail.com"]
[Date "2018.06.17"]
[Round "1"]
[White "J1j6"]
[Black "Chapi"]
[WhiteElo "1809"]
[BlackElo "2180"]
[Result "1-0"]
[Round "1"]
1.d4 d5
2.c4 c6
3.cxd5 cxd5
4.Nb1c3 Nb8c6
5.Ng1f3 g6
6.g3 Bf8g7
7.e3 Bc8g4
8.h3 Bg4d7
9.Bf1g2 Ng8f6
10.Nf3e5 Bd7e6
11.Ne5xc6 bxc6
12.b4 a6
13.a4 O-O
14.a5 Qd8d7
15.g4 Ra8b8
16.Bc1a3 Rb8b7
17.Ra1b1 Qd7c7
18.f4 Be6c8
19.g5 Nf6d7
20.Rb1c1 f6
21.Nc3xd5 Qc7d6
22.Rc1xc6 Qd6b8
23.Nd5xe7 Kh8
24.Qd1c2 Rf8e8
25.Rc6xc8 Re8xc8
26.Qc2xc8 Qb8xc8
27.Ne7xc8 Rb7c7
28.Nc8b6 Rc7c3
29.Nb6xd7 { resign }
1-0

[Event "Tourn. n9829"]
[Site "www.echecsemail.com"]
[Date "2018.06.17"]
[Round "1"]
[White "Alvarin111"]
[Black "Cal"]
[WhiteElo "1930"]
[BlackElo "1620"]
[Result "1-0"]
[Round "1"]
1.e4 e5
2.Ng1f3 d6
3.h3 a6
4.Nb1c3 h6
5.d4 exd4
6.Nf3xd4 Ng8f6
7.a3 c5
8.Nd4e2 Bf8e7
9.Ne2g3 O-O
10.Bf1c4 Bc8e6
11.Bc4a2 Nb8c6
12.O-O b5
13.Bc1e3 Nc6e5
14.f4 Ne5g6
15.f5 Be6xf5
16.exf5 Ng6e5
17.Nc3d5 Ra8a7
18.Qd1e2 Nf6xd5
19.Ba2xd5 Ra7c7
20.b3 Be7f6
21.Ra1d1 Rf8e8
22.Qe2h5 Kh7
23.Be3f4 c4
24.Ng3e4 Bf6e7
25.Bf4xe5 dxe5
26.Bd5xf7 Kh8
27.Rd1xd8 Re8xd8
28.f6 Be7xa3
29.fxg7 Kh7
30.Qh5g6 
1-0

[Event "Tourn. n9834"]
[Site "www.echecsemail.com"]
[Date "2018.06.17"]
[Round "1"]
[White "Tonino1"]
[Black "Juheset"]
[WhiteElo "2210"]
[BlackElo "2010"]
[Result "0-1"]
[Round "1"]
1.d4 e5
2.dxe5 f6
3.e3 fxe5
4.f4 exf4
5.exf4 b6
6.Qd1h5 Ke7
7.Qh5e5 Kf7
8.Bf1c4 Kg6
9.Qe5h5 Kxh5
10.f5 Qd8h4
11.g3 Qh4xc4
 { time }
0-1

[Event "1/16 Finale"]
[Site "www.chess-mail.com"]
[Date "2018.06.17"]
[Round "1"]
[White "Egdiogel"]
[Black "Szustan"]
[WhiteElo "2380"]
[BlackElo "2640"]
[Result "1/2-1/2"]
[Round "1"]
1.e4 e5
2.Ng1f3 Nb8c6
3.Bf1b5 a6
4.Bb5a4 Ng8f6
5.O-O Nf6xe4
6.Rf1e1 Ne4c5
7.Ba4xc6 dxc6
8.Nf3xe5 Bf8e7
9.d4 Nc5e6
10.Bc1e3 O-O
11.Nb1c3 Rf8e8
12.Qd1d3 Ne6f8
13.Ra1d1 Bc8e6
14.Be3f4 Ra8c8
15.h3 Be7d6
16.a3 Qd8h4
17.Qd3d2 f6
18.Ne5d3 Be6f5
19.Bf4xd6 cxd6
20.Re1xe8 Rc8xe8
21.Nc3e2 Qh4g5
22.Ne2g3 Qg5xd2
23.Rd1xd2 Bf5xd3
24.Rd2xd3 d5
25.Rd3b3 Re8e7
26.f4 Nf8e6
27.Rb3e3 Kf7
28.Ng3f5 Re7d7
29.g3 Kg6
30.Nf5h4 Kf7
31.c3 Ne6c7
32.Nh4f5 Nc7e8
33.Kf2 g6
34.Nf5h6 Kf8
35.Nh6g4 Rd7e7
36.a4 Re7xe3
{ draw }
1/2-1/2

[Event "1/16 Finale"]
[Site "www.chess-mail.com"]
[Date "2018.06.17"]
[Round "1"]
[White "George1955"]
[Black "Jose"]
[WhiteElo "2690"]
[BlackElo "2790"]
[Result "1/2-1/2"]
[Round "1"]
1.e4 e5
2.Ng1f3 Nb8c6
3.Bf1b5 a6
4.Bb5a4 Ng8f6
5.O-O Bf8e7
6.Rf1e1 b5
7.Ba4b3 d6
8.c3 O-O
9.h3 Bc8b7
10.d4 Rf8e8
11.Nb1d2 Be7f8
12.a4 h6
13.Bb3c2 exd4
14.cxd4 Nc6b4
15.Bc2b1 c5
16.d5 Nf6d7
17.Ra1a3 c4
18.Nf3d4 Qd8f6
19.Nd2f3 Nd7c5
20.axb5 axb5
21.Nd4xb5 Ra8xa3
22.Nb5xa3 Bb7a6
23.Re1e3 Re8b8
24.e5 dxe5
25.Nf3xe5 Nc5d3
26.Ne5g4 Qf6d4
27.Na3c2 Nb4xc2
28.Bb1xc2 Rb8a8
29.b3 Qd4a1
30.bxc4 Nd3xc1
31.Re3e1 Ba6xc4
32.Qd1xc1 Qa1xc1
{ draw }
1/2-1/2

[Event "Fast Game"]
[Site "www.echecsemail.com"]
[Date "2018.06.17"]
[Round "1"]
[White "Grad"]
[Black "Alekpax"]
[WhiteElo "1879"]
[BlackElo "1759"]
[Result "0-1"]
[Round "1"]
1.e4 e5
2.Ng1f3 f5
3.Nf3xe5 Qd8f6
4.Ne5c4 fxe4
5.Nb1c3 Qf6f7
6.Nc4e3 c6
7.Nc3xe4 d5
8.Ne4g5 Qf7f6
9.Ng5f3 Bf8d6
10.d4 Ng8e7
11.Bf1e2 Ne7g6
12.O-O Ng6f4
13.Rf1e1 O-O
14.g3 Nf4xe2
{ resign }
0-1

[Event "Tourn. n9773"]
[Site "www.chess-mail.com"]
[Date "2018.06.18"]
[Round "1"]
[White "Usmehs"]
[Black "Saffron"]
[WhiteElo "1629"]
[BlackElo "1649"]
[Result "1-0"]
[Round "1"]
1.c4 e5
2.Nb1c3 Nb8c6
3.e4 d6
4.d3 f5
5.g3 Ng8f6
6.Bf1g2 g6
7.Ng1e2 Bf8g7
8.Bc1g5 h6
9.Bg5xf6 Qd8xf6
10.Nc3d5 Qf6f7
11.Ne2c3 a6
12.exf5 Bc8xf5
13.O-O O-O
14.f4 Qf7d7
15.Bg2e4 exf4
16.Rf1xf4 Bf5xe4
17.Nc3xe4 Rf8xf4
18.Nd5xf4 Qd7f7
19.Qd1e2 Nc6d4
20.Qe2g2 Nd4f5
21.Ra1e1 c6
22.Ne4c3 Bg7d4
23.Kh1 g5
24.Nf4h3 Nf5e3
25.Qg2e4  { time }
1-0

[Event "Tourn. n9773"]
[Site "www.chess-mail.com"]
[Date "2018.06.18"]
[Round "1"]
[White "Saffron"]
[Black "Reignblowcan"]
[WhiteElo "1909"]
[BlackElo "1499"]
[Result "0-1"]
[Round "1"]
1.b3 d6
2.Bc1b2 Nb8d7
3.f4 e5
4.e4 Bf8e7
5.Ng1f3 Ng8f6
6.Nb1c3 exf4
7.d4 Nf6g4
8.g3 fxg3
9.hxg3 c6
10.Qd1e2 b5
11.Bf1h3 Nd7f6
12.O-O-O b4
13.Nc3b1 O-O
14.Nb1d2 a5
15.e5 Nf6d5
16.Nd2e4 Rf8e8
17.Rd1f1 Nd5e3
18.Bh3xg4 Ne3xg4
19.exd6 Be7xd6
20.Nf3e5 f5
21.Ne4xd6 Qd8xd6
22.Qe2f3 Ng4f6
23.Ne5c4 Qd6d5
 { time }
0-1

[Event "Tourn. n9770"]
[Site "www.chess-mail.com"]
[Date "2018.06.18"]
[Round "1"]
[White "Jopesilo"]
[Black "Comrade"]
[WhiteElo "2400"]
[BlackElo "2300"]
[Result "1-0"]
[Round "1"]
1.d4 d5
2.Ng1f3 e6
3.g3 Ng8f6
4.Bf1g2 h6
5.O-O c5
6.c4 dxc4
7.Qd1a4 Bc8d7
8.Qa4xc4 b5
9.Qc4c2 Nb8a6
10.a3 Ra8c8
11.Qc2d1 Bd7c6
12.dxc5 Bf8xc5
13.b4 Bc5b6
14.Nb1d2 O-O
15.Bc1b2 Qd8e7
16.e3 Rf8d8
17.Qd1e2 Na6c7
18.Ra1c1 Bc6b7
19.Rf1d1 a6
20.Nf3d4 Nc7d5
21.Nd2b3 Rc8c7
22.e4 Rc7xc1
23.Rd1xc1 Bb6xd4
24.Bb2xd4 Nd5c7
25.Bd4b6 Rd8c8
26.Nb3a5 Bb7a8
27.Rc1c3 Nf6e8
28.Qe2c2 g6
29.Na5b3 Ba8b7
30.e5 Bb7xg2
31.Kxg2 Qe7d7
32.Rc3c5 Kg7
33.h4 h5
34.Nb3a5 Kh8
35.Na5b3 Kg7
36.Nb3d2  { time }
1-0

[Event "Tourn. n9743"]
[Site "www.chess-mail.com"]
[Date "2018.06.18"]
[Round "1"]
[White "Passaroa25"]
[Black "Cal"]
[WhiteElo "1660"]
[BlackElo "1530"]
[Result "1-0"]
[Round "1"]
1.Nb1c3 Ng8f6
2.f3 d5
3.d4 h6
4.Bc1d2 a6
5.e3 e6
6.Ng1e2 Nb8c6
7.Ne2g3 Bf8b4
8.Ng3e2 b5
9.Ne2g3 Bc8b7
10.a3 Bb4a5
11.b4 O-O
12.Bf1e2 Qd8d6
13.O-O Ba5b6
14.Nc3b1 Nc6e7
15.c3 Ne7g6
16.Bd2e1 Ng6e7
17.Rf1f2 a5
18.Nb1d2 a4
19.Be2d3 e5
20.Ng3f5 Ne7xf5
21.Bd3xf5 exd4
22.exd4 c6
23.h3 Qd6f4
24.g4 Qf4g3
25.Rf2g2 Qg3xh3
26.Be1f2 Nf6h5
27.Qd1f1 Nh5f4
28.Rg2h2 Qh3xh2
29.Kxh2 Ra8e8
30.Ra1e1 Bb6c7
31.Bf2g3 Re8xe1
32.Qf1xe1 Nf4d3
33.Qe1e7 Bc7xg3
34.Kxg3 g6
35.Bf5xd3 Bb7c8
36.Qe7c5 Rf8e8
37.Qc5xc6 Re8f8
38.Qc6xd5 Bc8e6
39.Qd5xb5 f6
40.Bd3xg6 Kg7
41.Bg6f5 Be6f7
42.Qb5xa4 h5
43.Kf4 hxg4
44.Bf5xg4 Bf7d5
45.Qa4d7 Bd5f7
46.Nd2e4 Rf8h8
47.Ne4d6 Rh8f8
48.Bg4e6 Kg6
49.Be6xf7 Kg7
50.Bf7e6 Kh6
51.Nd6f7 Kg6
52.Be6f5 Kh5
53.Bf5g6 Kxg6
54.Nf7d6 Rf8h8
55.Qd7f7 Kh6
56.Qf7xf6 Kh7
57.Nd6f7 Rh8f8
58.Qf6h6 Kg8
59.Qh6g6 
1-0

[Event "Tourn. n9855"]
[Site "www.echecsemail.com"]
[Date "2018.06.18"]
[Round "1"]
[White "Cathar"]
[Black "Bojan"]
[WhiteElo "2259"]
[BlackElo "2020"]
[Result "1-0"]
[Round "1"]
1.d4 d5
2.Nb1c3 e6
3.Bc1f4 a6
4.e3 Ng8f6
5.Bf1d3 Bc8d7
6.Ng1f3 Nf6h5
7.Bf4e5 f6
8.Nf3g5 g6
9.Ng5xh7 Rh8xh7
10.Bd3xg6 Ke7
11.Bg6xh7 fxe5
12.Qd1xh5 exd4
13.Qh5g5 Ke8
14.Bh7g6 { resign }
1-0

[Event "Match"]
[Site "www.echecsemail.com"]
[Date "2018.06.18"]
[Round "1"]
[White "Tonino1"]
[Black "Estonia"]
[WhiteElo "2190"]
[BlackElo "2000"]
[Result "1-0"]
[Round "1"]
1.f4 d5
2.d4 Ng8f6
3.e3 Bc8g4
4.Ng1f3 e6
5.Bf1d3 c5
6.c3 c4
7.Bd3c2 Bf8d6
8.O-O O-O
9.h3 Bg4xf3
10.Qd1xf3 Nb8d7
11.Nb1d2 b5
12.e4 dxe4
13.Nd2xe4 Nf6xe4
14.Qf3xe4 Nd7f6
15.Qe4f3 g6
16.Bc1d2 Rf8e8
17.a4 Qd8b6
18.axb5 Nf6d5
19.Ra1a6 Qb6b8
20.g3 Qb8xb5
21.Ra6xd6 Qb5xb2
22.Rf1c1 Ra8d8
23.Rd6xd8 Re8xd8
24.g4 Qb2b8
25.Rc1b1 Qb8c7
26.Bc2e4 a5
27.Be4xd5 Rd8xd5
28.f5 Rd5d8
29.Rb1b7 Qc7c8
30.fxg6 f5
31.gxh7 Kh8
32.Bd2f4 Rd8d5
33.Bf4e5 Rd5xe5
34.dxe5 Qc8c5
35.Qf3f2 Qc5xe5
36.Qf2d4 Qe5xd4
37.cxd4 c3
38.Rb7c7 c2
39.Rc7xc2 Kxh7
40.gxf5 { resign }
1-0

[Event "Match"]
[Site "www.echecsemail.com"]
[Date "2018.06.18"]
[Round "1"]
[White "Add"]
[Black "Jovaras"]
[WhiteElo "2180"]
[BlackElo "2280"]
[Result "1-0"]
[Round "1"]
1.e4 c5
2.Nb1c3 Nb8c6
3.Ng1f3 Ng8f6
4.d4 cxd4
5.Nf3xd4 Nc6xd4
6.Qd1xd4 d6
7.Bf1b5 Bc8d7
8.Qd4a4 Bd7xb5
9.Qa4xb5 Qd8d7
10.Qb5xd7 Nf6xd7
11.O-O g6
12.Nc3d5 O-O-O
13.c3 e6
14.Nd5e3 Bf8g7
15.Ne3c4 Nd7c5
16.f3 d5
17.exd5 Rd8xd5
18.Bc1e3 Rh8d8
19.a4 Nc5d3
20.Be3xa7 Nd3f4
21.Nc4b6 Kc7
22.Nb6xd5 { resign }
1-0

[Event "Tourn. n9834"]
[Site "www.echecsemail.com"]
[Date "2018.06.18"]
[Round "1"]
[White "Fantomas"]
[Black "Wegaman"]
[WhiteElo "2160"]
[BlackElo "2040"]
[Result "1-0"]
[Round "1"]
1.e4 e6
2.Ng1f3 d5
3.exd5 exd5
4.d4 Ng8f6
5.h3 Nb8c6
6.c3 Bf8e7
7.Bf1d3 O-O
8.Bc1f4 Rf8e8
9.O-O a6
10.Rf1e1 h6
11.Nb1d2 Bc8e6
12.Qd1c2 Be7d6
13.Bf4xd6 Qd8xd6
14.Nf3e5 Nf6d7
15.Nd2f3 Ra8c8
16.Ra1d1 f6
17.Ne5xd7 Be6xd7
18.Bd3h7 Kh8
19.Bh7g6 Re8xe1
20.Rd1xe1 Rc8f8
21.Nf3h4 Qd6f4
22.Nh4f3 Bd7xh3
23.Nf3h2 Bh3d7
24.Re1e3 Qf4d6
25.Bg6h5 Nc6e7
26.Bh5g4 f5
27.Bg4d1 Ne7g8
28.Qc2d3 Ng8f6
29.Bd1c2 Nf6e4
30.f3 Qd6xh2
31.Kxh2 { resign }
1-0

[Event "Tourn. n9852"]
[Site "www.echecsemail.com"]
[Date "2018.06.18"]
[Round "1"]
[White "Tonino1"]
[Black "Cathar"]
[WhiteElo "2230"]
[BlackElo "2170"]
[Result "0-1"]
[Round "1"]
1.d4 f5
2.f4 Ng8f6
3.e3 g6
4.Bf1d3 Bf8g7
5.Ng1f3 O-O
6.c3 d6
7.O-O Nb8c6
8.Nb1d2 e5
9.fxe5 dxe5
10.Bd3c4 Kh8
11.Nf3g5 Qd8e7
12.Qd1f3 e4
13.Qf3e2 h6
14.Ng5h3 g5
15.b4 a6
16.Bc1b2 Bc8d7
17.Nd2b3 Ra8e8
18.a4 Nf6g4
19.b5 axb5
20.axb5 Nc6d8
21.Bb2a3 Qe7f6
22.Ba3xf8 Re8xf8
23.Ra1a8 Qf6d6
24.Nb3c5 Qd6xh2

0-1

[Event "Tourn. n9818"]
[Site "www.echecsemail.com"]
[Date "2018.06.18"]
[Round "1"]
[White "Bojan"]
[Black "Bigrezi"]
[WhiteElo "2050"]
[BlackElo "2210"]
[Result "0-1"]
[Round "1"]
1.d4 Ng8f6
2.Nb1c3 d5
3.Bc1g5 e6
4.e4 dxe4
5.Bf1c4 Bf8e7
6.Ng1e2 O-O
7.Ne2g3 a6
8.Nc3xe4 Nf6xe4
9.Bg5xe7 Qd8xe7
10.Ng3xe4 f6
11.O-O Nb8c6
12.c3 Nc6a5
13.Bc4d3 f5
14.Ne4d2 c5
15.dxc5 Qe7xc5
16.Qd1e2 Qc5c7
17.Rf1e1 Bc8d7
18.Nd2f3 Rf8f6
19.Nf3e5 Ra8d8
20.Ra1c1 Bd7e8
21.Bd3c2 Rf6h6
22.h3 Be8b5
23.Qe2e3 Na5c6
24.Ne5f3 Nc6a5
25.b3 Bb5e8
26.Nf3d4 Be8f7
27.Qe3f3 b5
28.Re1d1 Rd8c8
29.Rd1d3 f4
30.Bc2b1 Na5b7
31.c4 Bf7h5
32.Nd4xe6 Bh5xf3
33.Ne6xc7 Bf3xg2
34.cxb5 f3
35.bxa6 Rh6xh3
36.Rd3xf3 Bg2xf3
37.axb7 Rh3h1
{ resign }
0-1

[Event "Match"]
[Site "www.echecsemail.com"]
[Date "2018.06.18"]
[Round "1"]
[White "Bojan"]
[Black "Mitja"]
[WhiteElo "2030"]
[BlackElo "1990"]
[Result "1-0"]
[Round "1"]
1.b3 d5
2.Bc1b2 e6
3.e3 Ng8f6
4.Qd1f3 c6
5.Bb2xf6 gxf6
6.a3 f5
7.d4 Qd8a5
8.c3 Nb8d7
9.Bf1d3 Nd7f6
10.Ng1e2 Nf6e4
11.Bd3c2 Bc8d7
12.b4 Qa5c7
13.Ne2g3 Ne4xg3
14.hxg3 O-O-O
15.Nb1d2 Bf8e7
16.Nd2b3 h6
17.Nb3c1 b6
18.Nc1d3 Kb8
19.Nd3e5 Bd7e8
20.Qf3e2 f6
21.Ne5f3 Be8d7
22.c4 Bd7c8
23.c5 b5
24.a4 a6
25.axb5 axb5
26.Nf3h4 Rh8g8
27.Qe2h5 Be7f8
28.Kd2 Bc8b7
29.Nh4g6 Bf8g7
30.Ng6f4 Qc7e7
31.g4 fxg4
32.Qh5xg4 f5
33.Qg4d1 Kc7
34.Ra1a2 Rd8a8
35.Bc2b3 Ra8xa2
36.Bb3xa2 Rg8a8
37.Ba2b3 Kd7
38.Qd1f3 e5
39.Nf4h5 exd4
40.Qf3xf5 Kc7
41.Qf5f4 Bg7e5
42.Qf4xh6 dxe3
43.Qh6xe3 Ra8e8
44.Qe3f3 Re8f8
45.Qf3e2 Rf8e8
46.Kd1 Be5c3
47.Qe2f3 d4
48.Nh5f6 Kb8
49.Nf6xe8 Qe7xe8
50.Qf3f4 Kc8
51.g4 Kd8
52.Qf4f6 { resign }
1-0

[Event "Tourn. n9838"]
[Site "www.echecsemail.com"]
[Date "2018.06.18"]
[Round "1"]
[White "Awfen"]
[Black "Fantomas"]
[WhiteElo "2070"]
[BlackElo "2100"]
[Result "0-1"]
[Round "1"]
1.e4 e5
2.f4 d6
3.Ng1f3 exf4
4.d4 g5
5.Bf1c4 Bf8g7
6.O-O h5
7.Nb1c3 c6
8.e5 d5
9.Bc4b3 Bc8e6
10.Nc3a4 b6
11.Na4c3 Ng8h6
12.Kh1 Nh6f5
13.Nc3e2 Nb8d7
14.c3 Nd7f8
15.Bb3a4 Ra8c8
16.Bc1d2 Nf8g6
17.b4 h4
18.Qd1e1 b5
19.Ba4c2 Bg7h6
20.Nf3g1 Kd7
21.Ng1h3 Qd8g8
22.a4 a6
23.axb5 axb5
24.Ra1a7 Rc8c7
25.Qe1a1 Qg8b8
26.Ra7a5 Rc7b7
27.Qa1b1 Ng6e7
28.Qb1b2 Ne7c8
29.Qb2b1 Nc8e7
30.Qb1b2 Ne7c8
31.Rf1a1 Nc8b6
32.Qb2b1 Nf5e7
33.Ne2g1 Qb8c7
34.Nh3f2 Nb6c4
35.Bd2c1 Nc4xa5
36.Ra1xa5 Rb7a7
37.Nf2d3 Rh8a8
38.Nd3c5 Ke8
39.Nc5xe6 fxe6
40.Bc2g6 Kf8
41.Bg6h5 Kg7
42.Ng1f3 Ne7f5
43.Kg1 Ra7xa5
44.bxa5 Qc7xa5
45.Bc1d2 Qa5d8
46.g4 hxg3
47.hxg3 Qd8f8
48.Kg2 Nf5e7
49.gxf4 gxf4
50.Kf2 Qf8f5
51.Qb1xf5 Ne7xf5
52.Bh5g4 Kg6
53.Bg4xf5 Kxf5
54.Nf3h4 Ke4
55.Ke2 f3
56.Nh4xf3 Ra8a2
{ resign }
0-1

[Event "Match"]
[Site "www.echecsemail.com"]
[Date "2018.06.18"]
[Round "1"]
[White "Lcbunghai"]
[Black "Gegonz"]
[WhiteElo "2110"]
[BlackElo "2160"]
[Result "0-1"]
[Round "1"]
1.e4 e5
2.f4 exf4
3.Ng1f3 d6
4.d4 g5
5.h4 g4
6.Nf3g5 f6
7.Bc1xf4 fxg5
8.Bf4xg5 Bf8e7
9.Qd1d2 Ng8f6
10.Bf1d3 Nb8c6
11.c3 Nf6h5
12.O-O Be7xg5
13.hxg5 h6
14.gxh6 Qd8h4
15.Qd2f2 g3
16.Qf2f7 Kd8
17.Rf1f3 Bc8g4
18.Kf1 Qh4h1
19.Ke2 Qh1xg2
20.Ke3 Bg4xf3
21.Qf7xf3 Qg2xb2
{ resign }
0-1

[Event "Match"]
[Site "www.echecsemail.com"]
[Date "2018.06.18"]
[Round "1"]
[White "Mitja"]
[Black "Bojan"]
[WhiteElo "1990"]
[BlackElo "2030"]
[Result "1-0"]
[Round "1"]
1.d4 d5
2.e3 c6
3.c4 e6
4.c5 Ng8f6
5.Nb1d2 b6
6.cxb6 axb6
7.Ng1f3 h6
8.Bf1e2 Bf8d6
9.h3 Bc8a6
10.Be2xa6 Ra8xa6
11.b3 Nb8d7
12.O-O c5
13.dxc5 Nd7xc5
14.Qd1e2 Qd8a8
15.Qe2b5 Nf6d7
16.a4 Ra6a5
17.Qb5e2 Nd7e5
18.Nf3xe5 Bd6xe5
19.Ra1b1 Ra5a7
20.Qe2b5 Ke7
21.Qb5xb6 Rh8c8
22.Qb6b4 Ra7b7
23.Qb4a3 Be5d6
24.Qa3a1 f6
25.Bc1a3 Rc8b8
26.Rf1c1 Qa8a7
27.Qa1c3 Rb7c7
28.Ba3xc5 Rc7xc5
29.Qc3d3 Rc5xc1
30.Rb1xc1 f5
31.Nd2f3 Qa7b7
32.Qd3c3 Kf7
33.Nf3e5 Kg8
34.Rc1b1 Rb8c8
35.Qc3d4 Qb7c7
36.f4 Bd6c5
37.Qd4d3 g5
38.g3 Qc7a7
39.Kf2 Bc5b4
40.Rb1b2 Rc8c3
41.Qd3e2 Bb4c5
42.Ne5d3 Qa7a6
43.Nd3xc5 Qa6xe2
44.Kxe2 Rc3xc5
45.b4 Rc5c1
46.b5 Rc1c8
47.a5 Kf7
48.b6 Ke7
49.b7 Rc8b8
50.a6 { resign }
1-0

[Event "Match"]
[Site "www.echecsemail.com"]
[Date "2018.06.18"]
[Round "1"]
[White "Caspito"]
[Black "Juheset"]
[WhiteElo "1920"]
[BlackElo "1980"]
[Result "1-0"]
[Round "1"]
1.e4 e6
2.d4 d5
3.e5 Bf8e7
4.Ng1f3 Nb8c6
5.Bf1b5 Bc8d7
6.O-O a6
7.Bb5d3 f6
8.Bc1f4 f5
9.Nb1c3 g5
10.Bf4xg5 Be7xg5
11.Nc3a4 Bg5e7
12.b3 b5
13.Na4c5 Be7xc5
14.dxc5 Qd8e7
15.b4 Nc6xb4
16.a3 Nb4xd3
17.Qd1xd3 Qe7xc5
18.Nf3d2 Ng8e7
19.Nd2b3 Qc5b6
20.Qd3h3  { time }
1-0

[Event "Tourn. n9855"]
[Site "www.echecsemail.com"]
[Date "2018.06.18"]
[Round "1"]
[White "Fantomas"]
[Black "Cathar"]
[WhiteElo "2090"]
[BlackElo "2259"]
[Result "0-1"]
[Round "1"]
1.e4 Ng8f6
2.Nb1c3 e5
3.Bf1c4 Nf6xe4
4.Qd1e2 Ne4xc3
5.Qe2xe5 Qd8e7
6.Qe5xe7 Bf8xe7
7.dxc3 c6
8.Bc1e3 d5
9.Bc4d3 Nb8d7
10.O-O-O Nd7e5
11.Rd1e1 Ne5xd3
12.cxd3 Bc8e6
13.f4 O-O
14.Be3d2 Rf8e8
15.Ng1f3 Be6f5
16.Kc2 Be7f6
17.h3 h5
18.b4 b6
19.Bd2e3 a5
20.Be3xb6 Re8xe1
21.Rh1xe1 axb4
22.Nf3d4 Bf5d7
23.Re1a1 bxc3
24.Bb6c5 Ra8a5
25.Bc5b4 Ra5a4
26.Kb3 c5
{ resign }
0-1

[Event "1/128 Finale"]
[Site "www.chess-mail.com"]
[Date "2018.06.18"]
[Round "1"]
[White "Juheset"]
[Black "Piriot"]
[WhiteElo "1980"]
[BlackElo "2370"]
[Result "0-1"]
[Round "1"]
1.Ng1f3 Nb8c6
2.e4 e5
3.Bf1b5 Ng8f6
4.Nb1c3 Bf8b4
5.Nc3d5 Nf6xd5
6.exd5 Nc6d4
7.Nf3xd4 exd4
 { time }
0-1

[Event "1/64 Finale"]
[Site "www.chess-mail.com"]
[Date "2018.06.18"]
[Round "1"]
[White "Tobernor"]
[Black "Llord"]
[WhiteElo "2510"]
[BlackElo "1910"]
[Result "0-1"]
[Round "1"]
1.d4 d6
2.Ng1f3 Bc8f5
3.c4 e5
4.dxe5 Nb8c6
5.Bc1g5 Bf8e7
6.Bg5xe7 Ng8xe7
7.exd6 cxd6
8.Nb1c3 Nc6b4
9.e4 Bf5g4
10.Bf1e2 O-O
11.O-O Ne7g6
12.Nf3d4 Bg4xe2
13.Qd1xe2 Ng6f4
14.Qe2d2 Qd8g5
15.g3 Nf4h3
{ resign }
0-1

[Event "Fast Game"]
[Site "www.echecsemail.com"]
[Date "2018.06.18"]
[Round "1"]
[White "Tonino1"]
[Black "Hennie4820"]
[WhiteElo "1900"]
[BlackElo "1730"]
[Result "0-1"]
[Round "1"]
1.d4 Ng8f6
2.g4 e6
3.g5 Nf6d5
4.e4 Nd5b6
5.c4 c5
6.d5 exd5
7.exd5 d6
8.Nb1c3 Bf8e7
9.Qd1h5 O-O
10.Bc1e3 Bc8f5
11.O-O-O f6
12.h4 Qd8d7
13.b3 Bf5g4
14.Bf1h3 Bg4xh5
15.Bh3xd7 Bh5xd1
16.Bd7e6 Kh8
17.Kxd1 Nb8d7
18.f4 fxg5
19.hxg5 Be7xg5
20.fxg5 Rf8f1
21.Ke2 Ra8f8
22.Nc3e4 Rf1a1
23.g6 h6
24.Ne4g5 Nd7e5
25.Ng5f7 Ne5xf7
 { time }
0-1

[Event "Tourn. n9794"]
[Site "www.chess-mail.com"]
[Date "2018.06.19"]
[Round "1"]
[White "Add"]
[Black "Abuelo"]
[WhiteElo "2210"]
[BlackElo "2050"]
[Result "1-0"]
[Round "1"]
1.c4 e5
2.Nb1c3 Bf8c5
3.Ng1f3 d6
4.h3 Ng8f6
5.e4 Bc8e6
6.a3 a5
7.d4 exd4
8.Nf3xd4 Bc5xd4
9.Qd1xd4 Nb8c6
10.Qd4d3 Nc6e5
11.Qd3c2 O-O
12.b3 h6
13.Bc1f4 Ne5c6
14.Bf4e3 b6
15.Bf1e2 Qd8e7
16.Be2f3 Nc6e5
17.Bf3e2 c5
18.f4 Ne5c6
19.Be2f3 Be6d7
20.O-O Ra8c8
21.Be3f2 Nf6h7
22.Nc3d5 Qe7d8
23.Ra1d1 Bd7e6
24.Qc2c3 Be6xd5
25.exd5 Nc6e7
26.Bf2h4 Qd8c7
27.Qc3d3 Ne7g6
28.Bh4g3 Qc7e7
29.Rd1e1 Qe7f6
30.Bf3g4 Rc8e8
31.Qd3d2 Ng6h4
32.Kh2 Nh4f5
33.Bg4xf5 Qf6xf5
34.b4 axb4
35.axb4 Nh7f6
36.bxc5 bxc5
37.Bg3h4 Re8xe1
{ time. }
1-0

[Event "Tourn. n9770"]
[Site "www.chess-mail.com"]
[Date "2018.06.19"]
[Round "1"]
[White "Comrade"]
[Black "Tartan"]
[WhiteElo "2300"]
[BlackElo "2520"]
[Result "0-1"]
[Round "1"]
1.c4 e6
2.d4 Ng8f6
3.Nb1c3 Bf8b4
4.e3 O-O
5.Ng1e2 d5
6.a3 Bb4e7
7.Ne2f4 c6
8.Bf1d3 dxc4
9.Bd3xc4 Nb8d7
10.Nf4d3 c5
11.dxc5 Nd7xc5
12.b4 Nc5xd3
13.Bc4xd3 a5
14.b5 e5
15.O-O Bc8g4
16.f3 Bg4e6
17.Bc1b2 Qd8b6
18.Rf1e1 Rf8d8
19.Nc3a4 Qb6d6
20.Bd3e2 Nf6d5
21.Be2c4 Nd5b6
22.Qd1xd6 Rd8xd6
23.Na4xb6 Rd6xb6
24.Bc4xe6 Rb6xb5
25.Be6xf7 Kxf7
26.Ra1b1 a4
27.Re1c1 Ra8a6
28.Bb2a1 Ra6b6
29.Rb1xb5 Rb6xb5
30.Kf2 Be7d6
31.Ba1c3 Bd6xa3
32.Rc1a1 Ba3b2
33.Bc3xb2 Rb5xb2
34.Kg3 b5
35.Ra1c1 a3
36.Rc1c7 Ke6
37.f4 b4
38.Rc7a7 a2
39.Ra7a6 Kd5
40.Ra6a5 Kc6
41.fxe5 b3
{ resign }
0-1

[Event "Tourn. n9814"]
[Site "www.echecsemail.com"]
[Date "2018.06.19"]
[Round "1"]
[White "Coolant"]
[Black "Tartan"]
[WhiteElo "2340"]
[BlackElo "2490"]
[Result "0-1"]
[Round "1"]
1.f4 d5
2.Ng1f3 g6
3.g3 Bf8g7
4.Bf1g2 c6
5.O-O Ng8h6
6.c3 O-O
7.Qd1e1 Qd8b6
8.d4 Bc8f5
9.Nb1d2 c5
10.Nd2b3 cxd4
11.Nf3xd4 Bf5e4
12.h3 Nh6f5
13.Qe1f2 Be4xg2
14.Kxg2 Nf5d6
15.Bc1e3 Qb6c7
16.Qf2f3 e6
17.Nb3d2 Nb8c6
18.Be3g1 Nc6xd4
19.Bg1xd4 Bg7xd4
20.cxd4 Qc7c2
21.Nd2b3 Qc2xb2
22.Rf1b1 Qb2a3
23.Nb3c5 Qa3xf3
24.Kxf3 b6
25.Nc5d7 Rf8c8
26.Rb1c1 Kg7
27.Nd7e5 f6
28.Ne5c6 a5
29.Nc6e7 Rc8e8
30.Rc1c7 Kf8
31.Ne7xd5 exd5
32.Rc7xh7 Ra8c8
{ resign }
0-1